Sports Quiz

Random Sports or MLB Quiz

MLB Player By Meme (Slideshow) Quiz Stats

Quiz not verified by Sporcle

Challenge
Share
Tweet
Score 0/24 Timer 10:00
0 Plays Today
% Correct
Justin Verlander
93.4%
Josh Hamilton
91.1%
Johan Santana
87.1%
David Price
85.5%
Cole Hamels
85.3%
Nick Swisher
82.6%
Jayson Werth
81.7%
Jason Giambi
81.4%
Bryce Harper
81.3%
Giancarlo Stanton
81%
Adam Dunn
80.9%
Yoenis Cespedes
80.6%
% Correct
David Wright
80.5%
Jay Bruce
80.1%
Yasiel Puig
79.2%
Albert Pujols
79%
John Lackey
77.8%
Vernon Wells
74.9%
Jason Bay
69.9%
Jose Valverde
69.8%
Josh Reddick
61.8%
Hunter Pence
56.6%
Ian Kinsler
46.5%
Rajai Davis
22.5%

You're not logged in!

Compare scores with friends on all Sporcle quizzes.
Sign Up with Email
OR
Log In

You Might Also Like...

Show Comments

Extras

Top Quizzes Today


Score Distribution

Your Account Isn't Verified!

In order to create a playlist on Sporcle, you need to verify the email address you used during registration. Go to your Sporcle Settings to finish the process.